De la ganaderización de la agricultura a la desganaderización actual: retos y perspectivas /

Gardado en:
Detalles Bibliográficos
Autor Principal: Pérez Espejo, Rosario
Formato: Texto
Etiquetas: Engadir etiqueta
Sen Etiquetas, Sexa o primeiro en etiquetar este rexistro!

MARC

LEADER 00000 a a2200000 04500
001 45763
003
040 |a CRAI/IIS  |c CRAI/IIS 
100 |a Pérez Espejo, Rosario  
245 |a De la ganaderización de la agricultura a la desganaderización actual:  |b retos y perspectivas /  |c Rosario Pérez Espejo  
773 |g número38 (1988), páginas 3-7  
999 |c 18449  |d 18449